000 00351nam a2200133Ia 4500
008 240624s9999 xx 000 0 und d
041 _aeng
082 _a658.408 HOR
100 _aHORRIGAN BRYAN
245 _aCORPORATE SOCIAL RESPONSIBILITY IN THE 2
260 _c2010
_aUK
_bEdward Elgar
300 _axxii, : 427 : p. : cm. ; 24
365 _cGBP
_b25
999 _c22091
_d22091